|
|
|
|
| LEADER |
01088nta a2200265 i 4500 |
| 001 |
dokt3591 |
| 005 |
20200520092548.0 |
| 008 |
170217s2017 hu om 0|| hun d |
| 024 |
7 |
|
|a 10.14232/phd.3591
|2 doi
|
| 024 |
7 |
|
|a 3267484
|2 mtmt
|
| 040 |
|
|
|a SZTE Doktori Repozitórium
|b hun
|
| 041 |
|
|
|a hun
|
| 100 |
1 |
|
|a Páhi Zoltán
|
| 245 |
1 |
0 |
|a TAF10 fehérjék szerepe Drosophila melanogaster-ben
|h [elektronikus dokumentum] /
|c Páhi Zoltán
|
| 246 |
1 |
0 |
|a The function of dTAF10 proteins in Drosophila melanogaster
|h [elektronikus dokumentum]
|
| 260 |
|
|
|c 2017-05-05
|
| 300 |
|
|
|a 18
|
| 502 |
|
|
|a Disszertacio
|
| 650 |
|
4 |
|a biológiai tudományok
|
| 650 |
|
4 |
|a Biológiai tudományok
|
| 700 |
0 |
1 |
|a Boros Imre Miklós
|e ths
|
| 700 |
0 |
1 |
|a Pankotai Tibor
|e ths
|
| 856 |
4 |
0 |
|u https://doktori.bibl.u-szeged.hu/id/eprint/3591/1/Pahi_Z_doktori_doktori_disszertacio.pdf
|z Dokumentum-elérés
|
| 856 |
4 |
0 |
|u https://doktori.bibl.u-szeged.hu/id/eprint/3591/2/magyar_tezisfuzet.pdf
|z Dokumentum-elérés
|
| 856 |
4 |
0 |
|u https://doktori.bibl.u-szeged.hu/id/eprint/3591/3/angol_tezisfuzet.pdf
|z Dokumentum-elérés
|